| 000 | 00609nam a2200217Ii 4500 | ||
|---|---|---|---|
| 001 | 13188 | ||
| 003 | CO-ViMGA | ||
| 008 | 241108s9999||||xx |||||||||||||| ||und|| | ||
| 020 | _a95864807004 | ||
| 040 |
_aCO-ViMGA _bspa _erda _cCO-ViMGA |
||
| 041 | 0 | _aspa | |
| 082 | 0 | 4 | _aF.FC 321.07 - B67d |
| 100 | 1 |
_aDarío Botero Uribe _945956 |
|
| 245 | 1 | 0 | _aEl derecho a la utopia |
| 264 | 1 | _aBogotá, Colombia : Ecoe, 1994 | |
| 300 | _avolumen | ||
| 336 |
_atext _btxt _2rdacontent |
||
| 337 |
_aunmediated _bn _2rdamedia |
||
| 338 |
_avolume _bnc _2rdacarrier |
||
| 940 | _aidficha_siabuc: 12890. -- ficha_no_siabuc:13188 | ||
| 999 |
_c40497 _d40497 |
||